000 00906nam a22002657a 4500
001 BR6400338
003 BR-BrBNA
005 20230928083421.0
007 ta
008 230509b bl.||||| |||| 00| 0 por d
040 _aBR-BrBNA
_bpor
_cBiblioteca Nacional de Agricultura
041 _a(Por)
072 _aC20
_b/G514
090 _ C20 BR6400338
110 1 _aAssociacao de Credito e Assistencia Rural de Santa Catarina, Florianopolis (Brasil)
245 1 _aA propriedade agricola [extensao rural, assistencia tecnica, Santa Catarina, Brasil]
260 3 _aFlorianopolis, SC (Brasil):
_c1964.
300 _a42 p.
500 _a(*) Documento disponível no(a) Associacao de Credito e Assistencia Rural de Santa Catarina, Florianopolis (Brazil)
650 _aEXTENSAO RURAL
650 _aASSISTENCIA TECNICA
650 _aSANTA CATARINA
909 _a202309
_bLucia
_c55
_dLucia Elande
942 _cBK
999 _c13359
_d13359